[Event "III Open Magistrale"]
[Site "Castellaneta ITA"]
[Date "1999.08.30"]
[Round "3"]
[White "Mazzilli, Piero"]
[Black "Safranska, Anda"]
[Result "1/2-1/2"]
[WhiteElo "2131"]
[BlackElo "2267"]
[PlyCount "89"]
[EventDate "1999.08.29"]

1.e4 g6 2.d4 Bg7 3.c4 d6 4.Nc3 Nf6 5.Nf3 O-O 6.Be2 e5 7.O-O Nc6 8.d5 Ne7 
9.Ne1 Nd7 10.f3 f5 11.g4 Kh8 12.Be3 Nf6 13.b4 Neg8 14.Ng2 a5 15.Rb1 axb4 
16.Rxb4 b6 17.h3 Nd7 18.Qd2 Nc5 19.a4 Nf6 20.Bxc5 bxc5 21.Rb2 Ng8 22.h4 
Nh6 23.Qd1 Bd7 24.Nb5 fxg4 25.fxg4 Rxf1+ 26.Qxf1 Nxg4 27.Bxg4 Bxg4 28.Qf7 
Rxa4 29.Qxc7 Qxc7 30.Nxc7 Bf8 31.Ne3 Ra7 32.Ne8 Bd7 33.Nf6 Kg7 34.Nxd7 
Rxd7 35.h5 Rf7 36.hxg6 hxg6 37.Rf2 Ra7 38.Ng4 Be7 39.Rb2 Bg5 40.Rb6 Ra3 
41.Kf2 Bf4 42.Rb7+ Kf8 43.Nf6 g5 44.Rd7 g4 45.Nh7+ 1/2-1/2

[Event "III Open Magistrale"]
[Site "Castellaneta ITA"]
[Date "1999.08.30"]
[Round "3"]
[White "Patavia, Antonio"]
[Black "Foisor, Cristina-Adela"]
[Result "0-1"]
[WhiteElo "2080"]
[BlackElo "2371"]
[PlyCount "82"]
[EventDate "1999.08.29"]

1.g3 g6 2.Bg2 Bg7 3.c4 Nf6 4.Nc3 d6 5.d3 O-O 6.e4 e5 7.Nge2 c6 8.O-O a6 9.
h3 b5 10.Be3 Nbd7 11.Rc1 Bb7 12.Qd2 Re8 13.b4 Nf8 14.cxb5 axb5 15.d4 N8d7 
16.d5 Nb6 17.dxc6 Bxc6 18.Bxb6 Qxb6 19.Qxd6 Red8 20.Qc5 Qxc5 21.bxc5 b4 
22.Nd5 Nxd5 23.exd5 Bxd5 24.Bxd5 Rxd5 25.c6 Rc8 26.Rc2 f5 27.Rb1 Bf8 28.
Kf1 Kf7 29.Ke1 Ke6 30.Ng1 Rc5 31.Re2 R8xc6 32.f4 e4 33.Nf3 Rc1+ 34.Rxc1 
Rxc1+ 35.Kd2 Ra1 36.Ng5+ Kd5 37.Nxh7 Be7 38.Ng5 Rxa2+ 39.Kd1 Rxe2 40.Kxe2 
Bxg5 41.fxg5 b3 0-1

[Event "III Open Magistrale"]
[Site "Castellaneta ITA"]
[Date "1999.08.30"]
[Round "3"]
[White "Piscopo, Pierluigi"]
[Black "Viaggi, Giovanni"]
[Result "0-1"]
[WhiteElo "2039"]
[BlackElo "2145"]
[PlyCount "90"]
[EventDate "1999.08.29"]

1.e4 e5 2.Nf3 Nc6 3.Bb5 a6 4.Ba4 Nf6 5.Bxc6 dxc6 6.d3 Bd6 7.Nbd2 Bg4 8.h3 
Bh5 9.Nc4 Nd7 10.Bd2 Qe7 11.Qe2 f6 12.Ne3 Bxf3 13.Qxf3 g6 14.O-O-O O-O-O 
15.h4 Kb8 16.h5 Nc5 17.Kb1 Ne6 18.Qg4 Qf7 19.Rh4 Nf4 20.hxg6 hxg6 21.Rdh1 
Rxh4 22.Rxh4 Be7 23.Rh2 Ne6 24.g3 Nd4 25.Rh6 Rg8 26.Qh3 Bc5 27.Rh7 Rg7 28.
Rh8+ Rg8 29.Ng4 Be7 30.Be3 c5 31.Qh4 Nf3 32.Qh1 Rxh8 33.Qxh8+ Ka7 34.Qh1 
Nd4 35.c3 Nb5 36.f4 Qe6 37.Qf3 b6 38.f5 gxf5 39.Qxf5 Qd6 40.Kc2 Qd8 41.Qe6
Kb7 42.Bh6 Nd6 43.Ne3 c6 44.Bg7 b5 45.Ng4 c4 0-1

[Event "III Open Magistrale"]
[Site "Castellaneta ITA"]
[Date "1999.08.30"]
[Round "3"]
[White "Pizzuto, Samuele Tullio"]
[Black "Lagumina, Giulio"]
[Result "0-1"]
[WhiteElo "2133"]
[BlackElo "2281"]
[PlyCount "72"]
[EventDate "1999.08.29"]

1.e4 e5 2.Nf3 d6 3.Nc3 c5 4.Bc4 Be7 5.Nd5 Nf6 6.Qe2 O-O 7.c3 Nc6 8.O-O 
Nxd5 9.Bxd5 Be6 10.Bxc6 bxc6 11.d4 f6 12.dxc5 dxc5 13.Nd2 Qa5 14.Nc4 Qb5 
15.b3 a5 16.Be3 a4 17.Rab1 Rfb8 18.Qc2 Bxc4 19.bxc4 Qxc4 20.Rfd1 Rxb1 21.
Rxb1 Rd8 22.f3 Qd3 23.Qxd3 Rxd3 24.Kf2 Rxc3 25.Rb7 Rc2+ 26.Kg3 Kf8 27.a3 
Rc3 28.Bf2 c4 29.Ra7 Bxa3 30.Rxa4 Kf7 31.Ra7+ Ke6 32.Rxg7 Rd3 33.Ra7 Bb4 
34.Rb7 c5 35.Rb5 c3 36.Rb6+ Kf7 0-1

[Event "III Open Magistrale"]
[Site "Castellaneta ITA"]
[Date "1999.08.30"]
[Round "3"]
[White "Quimi, Marco"]
[Black "Iordachescu, Viorel"]
[Result "0-1"]
[WhiteElo "2216"]
[BlackElo "2553"]
[PlyCount "90"]
[EventDate "1999.08.29"]

1.e4 c5 2.Nf3 e6 3.d4 cxd4 4.Nxd4 a6 5.Nc3 b5 6.a3 Bb7 7.Bd3 d6 8.O-O Nf6 
9.Be3 Nbd7 10.Qe2 Qc7 11.f4 Be7 12.Kh1 Nc5 13.Bg1 O-O 14.Rae1 Nxd3 15.cxd3
Rac8 16.Nf3 Nd7 17.d4 Qc4 18.Qd1 Rfe8 19.Nd2 Qc7 20.Re3 Bf8 21.Rh3 f5 22.
e5 Nb6 23.Qh5 g6 24.Qh4 Qe7 25.Qe1 Nd5 26.Ndb1 dxe5 27.fxe5 Qd7 28.Qh4 b4 
29.axb4 Bxb4 30.Nxd5 Bxd5 31.Nc3 Bxc3 32.bxc3 Qb7 33.Rf2 a5 34.Rb2 Qe7 35.
Qe1 a4 36.Bf2 a3 37.Rb4 a2 38.Bh4 Qa7 39.Qa1 Rb8 40.Be1 Rec8 41.c4 Rxb4 
42.Bxb4 Rxc4 43.Bc3 Qb7 44.Re3 Qb1+ 45.Re1 Qc2 0-1

[Event "III Open Magistrale"]
[Site "Castellaneta ITA"]
[Date "1999.08.30"]
[Round "3"]
[White "Rausis, Igors"]
[Black "Ortega, Lexy"]
[Result "1-0"]
[WhiteElo "2496"]
[BlackElo "2499"]
[PlyCount "73"]
[EventDate "1999.08.29"]

1.d4 d5 2.Nf3 Nf6 3.c4 c6 4.Nc3 dxc4 5.a4 Bf5 6.Nh4 Bc8 7.e3 e5 8.Bxc4 
exd4 9.exd4 Qe7+ 10.Be2 Bg4 11.O-O Bxe2 12.Nxe2 Na6 13.Re1 O-O-O 14.Bg5 h6
15.Nc3 Qd7 16.Bxf6 gxf6 17.Qf3 Qxd4 18.Rad1 Qb6 19.Qf5+ Kb8 20.Qxf6 Bc5 
21.Ne4 Bd4 22.Qf4+ Qc7 23.Qc1 Rd5 24.Nf3 Bg7 25.Rxd5 cxd5 26.Nc3 d4 27.Na2
Qxc1 28.Nxc1 Nc5 29.b3 Bf6 30.Rd1 a5 31.Kf1 Rd8 32.Nd3 Ne4 33.Nd2 Nxd2+ 
34.Rxd2 Rc8 35.Rb2 Kc7 36.b4 axb4 37.Rxb4 1-0

[Event "III Open Magistrale"]
[Site "Castellaneta ITA"]
[Date "1999.08.30"]
[Round "3"]
[White "Scafarelli, Francesco"]
[Black "Mrdja, Milan"]
[Result "0-1"]
[WhiteElo "2310"]
[BlackElo "2425"]
[PlyCount "75"]
[EventDate "1999.08.29"]

1.Nf3 Nf6 2.c4 g6 3.b3 Bg7 4.Bb2 O-O 5.g3 d6 6.d4 Nbd7 7.Bg2 e5 8.dxe5 Ng4
9.O-O Re8 10.Nc3 dxe5 11.h3 Nh6 12.a3 e4 13.Nd4 f5 14.Qd2 Ne5 15.Rad1 c6 
16.f3 exf3 17.Nxf3 Nxf3+ 18.Rxf3 Qe7 19.e4 Be6 20.exf5 Bxf5 21.Kh2 Rad8 
22.Qf2 Rxd1 23.Nxd1 Bxb2 24.Nxb2 Qe5 25.Nd3 Bxd3 26.Rxd3 Nf5 27.Rd7 h5 28.
Qf4 Qxf4 29.gxf4 Re2 30.Kg1 Ra2 31.Be4 Ng3 32.Bxg6 Ne2+ 33.Kf1 Nxf4 34.
Bf7+ Kf8 35.Rxb7 h4 36.c5 Nxh3 37.Be6 Ra1+ 38.Ke2 0-1

[Event "III Open Magistrale"]
[Site "Castellaneta ITA"]
[Date "1999.08.30"]
[Round "3"]
[White "Sermek, Drazen"]
[Black "Sibilio, Mario"]
[Result "1/2-1/2"]
[WhiteElo "2545"]
[BlackElo "2336"]
[PlyCount "45"]
[EventDate "1999.08.29"]

1.e4 c6 2.d4 d5 3.exd5 cxd5 4.c4 Nf6 5.Nc3 e6 6.Nf3 Bb4 7.cxd5 Nxd5 8.Bd2 
Nc6 9.Bd3 O-O 10.O-O Be7 11.Qe2 Nf6 12.Rad1 Nb4 13.Bc4 Bd7 14.Ne5 Nbd5 15.
Rfe1 Bc6 16.Bd3 Rc8 17.Bg5 Qa5 18.Bb1 Nxc3 19.bxc3 Bb5 20.Qf3 Rxc3 21.Qxb7
Rc7 22.Qf3 Ba4 23.Rc1 1/2-1/2

[Event "III Open Magistrale"]
[Site "Castellaneta ITA"]
[Date "1999.08.30"]
[Round "3"]
[White "Sinelnikov, Igor"]
[Black "Chiaretti, Roberto"]
[Result "0-1"]
[WhiteElo "2139"]
[BlackElo "2185"]
[PlyCount "98"]
[EventDate "1999.08.29"]

1.e4 e5 2.Nf3 Nc6 3.Bb5 Nf6 4.O-O Nxe4 5.d4 Nd6 6.Bxc6 dxc6 7.dxe5 Nf5 8.
Qxd8+ Kxd8 9.Nc3 Ke8 10.Ne4 Ne7 11.Re1 Ng6 12.Nd4 a6 13.f4 c5 14.Ne2 Be7 
15.b3 Kd7 16.N2c3 Kc6 17.Be3 Be6 18.h3 h5 19.Rad1 Nh4 20.Bf2 Nf5 21.Rd3 c4
22.Rdd1 h4 23.Ne2 Rad8 24.Nd4+ Nxd4 25.Rxd4 Rxd4 26.Bxd4 Rd8 27.Bf2 g6 28.
Kf1 Rd5 29.Re3 Rd1+ 30.Re1 Rxe1+ 31.Bxe1 Bf5 32.Nd2 Bxc2 33.bxc4 Bd3+ 34.
Kf2 Kc5 35.Kf3 Bxc4 36.Nxc4 Kxc4 37.Ke4 b5 38.g4 hxg3 39.Bxg3 b4 40.f5 
gxf5+ 41.Kxf5 Kd5 42.h4 c5 43.h5 c4 44.h6 Bf8 45.Bf4 b3 46.axb3 cxb3 47.h7
Bg7 48.Bc1 Bxe5 49.Bf4 b2 0-1

[Event "III Open Magistrale"]
[Site "Castellaneta ITA"]
[Date "1999.08.30"]
[Round "3"]
[White "Tomescu, Vlad"]
[Black "Badea, Bela"]
[Result "1/2-1/2"]
[WhiteElo "2453"]
[BlackElo "2479"]
[PlyCount "42"]
[EventDate "1999.08.29"]

1.e4 c5 2.Nc3 Nc6 3.g3 g6 4.Bg2 Bg7 5.d3 d6 6.Be3 e5 7.Qd2 Nge7 8.Nge2 O-O
9.O-O Be6 10.f4 exf4 11.Nxf4 Nd4 12.Nxe6 Nxe6 13.Rab1 Rb8 14.Nd5 Nxd5 15.
exd5 Nd4 16.Bh3 Nb5 17.a4 Nc7 18.c4 a6 19.b4 cxb4 20.Rxb4 b5 21.axb5 axb5 
1/2-1/2

[Event "III Open Magistrale"]
[Site "Castellaneta ITA"]
[Date "1999.08.30"]
[Round "4"]
[White "Bottino, Alexiei"]
[Black "Patavia, Antonio"]
[Result "1/2-1/2"]
[WhiteElo "2207"]
[BlackElo "2080"]
[PlyCount "22"]
[EventDate "1999.08.29"]

1.Nf3 g6 2.c4 Bg7 3.Nc3 d6 4.d4 Nf6 5.e4 O-O 6.Be2 Na6 7.Bg5 h6 8.Bh4 g5 
9.Bg3 Nh5 10.Nd2 Nxg3 11.hxg3 c5 1/2-1/2

[Event "III Open Magistrale"]
[Site "Castellaneta ITA"]
[Date "1999.08.30"]
[Round "4"]
[White "Capuano, Eugenio"]
[Black "Cioara, Andrei Nestor"]
[Result "0-1"]
[WhiteElo "2153"]
[BlackElo "2423"]
[PlyCount "106"]
[EventDate "1999.08.29"]

1.e4 c6 2.d4 d5 3.e5 Bf5 4.Nf3 e6 5.Be2 Nd7 6.O-O Ne7 7.Nh4 Bg6 8.Nd2 c5 
9.c3 Nc6 10.Nxg6 hxg6 11.Nf3 Be7 12.Be3 cxd4 13.cxd4 Nb6 14.g3 Nc4 15.Bxc4
dxc4 16.Qc2 Qd5 17.Nd2 O-O-O 18.Qxc4 Qxc4 19.Nxc4 Nxd4 20.Nd6+ Bxd6 21.
Bxd4 Bc7 22.Bc3 Rd5 23.Rad1 Rhd8 24.Rxd5 Rxd5 25.Re1 b5 26.Kg2 a5 27.a3 
Kb7 28.Re4 Ka6 29.Rf4 Rd7 30.h4 Bb6 31.Kf1 Bc5 32.Ke2 Bf8 33.Rd4 Rxd4 34.
Bxd4 a4 35.Kd3 b4 36.axb4 Kb5 37.f4 Kxb4 38.Bc3+ Kb3 39.Bd4 Kb4 40.g4 Be7 
41.h5 gxh5 42.gxh5 Bf8 43.Ke4 Kc4 44.Bf2 g6 45.hxg6 fxg6 46.Kf3 Bb4 47.Kg4
Bc3 48.Bh4 Bxb2 49.Be7 a3 50.Bxa3 Bxa3 51.Kg5 Bc1 52.Kf6 Kd5 53.Kxg6 Bxf4 
0-1

[Event "III Open Magistrale"]
[Site "Castellaneta ITA"]
[Date "1999.08.30"]
[Round "4"]
[White "Chiaretti, Roberto"]
[Black "Castrogiovanni, Carlo"]
[Result "1-0"]
[WhiteElo "2185"]
[BlackElo "2113"]
[PlyCount "77"]
[EventDate "1999.08.29"]

1.d4 Nf6 2.c4 c5 3.e3 g6 4.Nc3 Bg7 5.Nf3 O-O 6.Be2 d6 7.O-O e6 8.Qc2 Nc6 
9.Rd1 Qe7 10.a3 Bd7 11.b3 Rac8 12.dxc5 dxc5 13.Bb2 Rfd8 14.Nd2 Qe8 15.Nce4
Qe7 16.Nxf6+ Bxf6 17.Bxf6 Qxf6 18.Ne4 Qe7 19.Qb2 e5 20.Nd6 Rc7 21.Bf3 Be6 
22.Nxb7 Rb8 23.Nd6 Na5 24.Qxe5 f6 25.Qc3 Nc6 26.Nb5 Rcc8 27.Rd6 Ne5 28.
Rad1 Nxf3+ 29.gxf3 Kf7 30.e4 h5 31.R1d3 h4 32.Qd2 Rb7 33.Qh6 Rg8 34.Qxh4 
Rbb8 35.Ra6 g5 36.Qg3 Rxb5 37.cxb5 g4 38.f4 Rb8 39.f5 1-0

[Event "III Open Magistrale"]
[Site "Castellaneta ITA"]
[Date "1999.08.30"]
[Round "4"]
[White "Coratella, Giuseppe"]
[Black "Sinelnikov, Igor"]
[Result "1-0"]
[WhiteElo "2098"]
[BlackElo "2139"]
[PlyCount "91"]
[EventDate "1999.08.29"]

1.e4 g6 2.d4 Bg7 3.Nc3 d6 4.Bc4 Nc6 5.Be3 Nf6 6.f3 O-O 7.Qd2 e5 8.Nge2 a6 
9.a4 Bd7 10.O-O exd4 11.Nxd4 Ne5 12.Bb3 Re8 13.Rad1 Qe7 14.Bg5 Qf8 15.Qf4 
Nh5 16.Qh4 h6 17.Be3 Bf6 18.Qf2 Kh7 19.Nd5 Bd8 20.c3 b5 21.axb5 axb5 22.
Ra1 Rxa1 23.Rxa1 c5 24.Ne2 Nd3 25.Qf1 Nxb2 26.Qb1 Na4 27.c4 Nb6 28.Nxb6 
Bxb6 29.cxb5 f5 30.Nc3 fxe4 31.fxe4 Nf6 32.Ra6 Ng4 33.Rxb6 Nxe3 34.Qd3 c4 
35.Bxc4 Nxc4 36.Qxc4 Rc8 37.Qd4 Qf4 38.Rxd6 Be8 39.Rd7+ Bf7 40.Ne2 Rc1+ 
41.Nxc1 Qxc1+ 42.Kf2 Qf4+ 43.Ke2 h5 44.Qd5 Qg4+ 45.Ke1 Kh6 46.Rxf7 1-0

[Event "III Open Magistrale"]
[Site "Castellaneta ITA"]
[Date "1999.08.30"]
[Round "4"]
[White "De Bortoli, Peter"]
[Black "Chatalbashev, Boris"]
[Result "0-1"]
[WhiteElo "2225"]
[BlackElo "2524"]
[PlyCount "30"]
[EventDate "1999.08.29"]

1.e4 c5 2.Nf3 Nc6 3.d4 cxd4 4.Nxd4 g6 5.g3 Bg7 6.c3 d5 7.Bb5 Bd7 8.Nb3 
dxe4 9.Nc5 Nf6 10.Bg5 Ne5 11.Bxf6 Bxb5 12.Qxd8+ Rxd8 13.Bxe5 Bxe5 14.Nxb7 
Rc8 15.Nd2 e3 0-1

[Event "III Open Magistrale"]
[Site "Castellaneta ITA"]
[Date "1999.08.30"]
[Round "4"]
[White "Delfino, Luigi"]
[Black "Ficco, Corrado"]
[Result "1/2-1/2"]
[WhiteElo "1909"]
[BlackElo "2169"]
[PlyCount "61"]
[EventDate "1999.08.29"]

1.d4 f5 2.e4 fxe4 3.Nc3 Nf6 4.Bg5 e6 5.Bxf6 Qxf6 6.Nxe4 Qg6 7.Ng3 Be7 8.
Nf3 Nc6 9.Bd3 Qf7 10.c3 b6 11.Qe2 Bb7 12.h4 g6 13.Ne4 O-O-O 14.Ba6 Qf4 15.
a4 Kb8 16.Ned2 Ba8 17.a5 Rhe8 18.O-O g5 19.hxg5 Bxg5 20.Qb5 Rg8 21.Ra4 d5 
22.Rfa1 Qd6 23.b4 Bxd2 24.Nxd2 Rdf8 25.Qe2 e5 26.axb6 cxb6 27.Bb5 exd4 28.
Bxc6 Bxc6 29.Rxa7 Bb7 30.cxd4 Rg7 31.Nf1 1/2-1/2

[Event "III Open Magistrale"]
[Site "Castellaneta ITA"]
[Date "1999.08.30"]
[Round "4"]
[White "Di Gianni, Rocco"]
[Black "Indelicati, Giuseppe"]
[Result "1/2-1/2"]
[WhiteElo "2120"]
[BlackElo "2239"]
[PlyCount "89"]
[EventDate "1999.08.29"]

1.e4 e5 2.Nf3 Nc6 3.Nc3 Nf6 4.g3 Bc5 5.Bg2 d6 6.d3 O-O 7.O-O Bg4 8.h3 Be6 
9.Bg5 h6 10.Be3 Bb6 11.a4 Bxe3 12.fxe3 d5 13.exd5 Nxd5 14.Nxd5 Bxd5 15.e4 
Be6 16.Qd2 Qd6 17.g4 Ne7 18.Rf2 Ng6 19.Kh2 f6 20.Kg3 c5 21.Nh4 Nf4 22.Nf5 
Bxf5 23.exf5 Rfd8 24.b3 Rd7 25.Re1 Rad8 26.Qa5 b6 27.Qd2 a6 28.Be4 Qd4 29.
Rff1 a5 30.Rf2 Rc7 31.Qe3 Kf7 32.Rff1 Rcc8 33.Bb7 Rb8 34.Ba6 Qxe3+ 35.Rxe3
g5 36.fxg6+ Kxg6 37.Bb5 h5 38.Bc6 h4+ 39.Kf2 Kg5 40.Rh1 Ne6 41.Be4 Nd4 42.
Rc1 Kf4 43.Ree1 Ne6 44.Kg2 Kg5 45.Re3 1/2-1/2

[Event "III Open Magistrale"]
[Site "Castellaneta ITA"]
[Date "1999.08.30"]
[Round "4"]
[White "Glek, Igor V."]
[Black "Tomescu, Vlad"]
[Result "0-1"]
[WhiteElo "2536"]
[BlackElo "2453"]
[PlyCount "76"]
[EventDate "1999.08.29"]

1.e4 c5 2.Nf3 Nc6 3.Bb5 e6 4.O-O Nge7 5.Re1 a6 6.Bxc6 Nxc6 7.d4 cxd4 8.
Nxd4 d6 9.Nc3 Be7 10.Nxc6 bxc6 11.Qg4 g6 12.e5 dxe5 13.Bh6 f6 14.Qf3 Ra7 
15.Rad1 Rd7 16.Rxd7 Bxd7 17.h4 f5 18.Rd1 Rg8 19.Qe3 Qc7 20.Bg5 Bxg5 21.
Qxg5 c5 22.Qf6 Rf8 23.Qg7 Rf7 24.Qh8+ Ke7 25.f3 Bc6 26.Re1 e4 27.fxe4 fxe4
28.Nxe4 Qf4 29.Qc8 Bxe4 30.Qxc5+ Kd8 31.Qb6+ Kd7 32.c4 Bd3 33.Rd1 Qxc4 34.
b3 Qe4 35.Qa7+ Ke8 36.Qb8+ Ke7 37.Qc7+ Kf8 38.Qd8+ Kg7 0-1

[Event "III Open Magistrale"]
[Site "Castellaneta ITA"]
[Date "1999.08.30"]
[Round "4"]
[White "Isonzo, David"]
[Black "Mazzilli, Piero"]
[Result "1-0"]
[WhiteElo "2257"]
[BlackElo "2131"]
[PlyCount "55"]
[EventDate "1999.08.29"]

1.e4 c5 2.Nf3 d6 3.d4 cxd4 4.Nxd4 Nf6 5.Nc3 a6 6.Bc4 e6 7.Bb3 b5 8.O-O Bb7
9.Re1 Nbd7 10.Bg5 h6 11.Bh4 g5 12.Bg3 Ne5 13.Bxe6 fxe6 14.Nxe6 Qb8 15.Nd5 
Kf7 16.f4 gxf4 17.Nexf4 Bxd5 18.Nxd5 Bg7 19.Rf1 Ke6 20.Nxf6 Bxf6 21.Qd5+ 
Ke7 22.Rxf6 Kxf6 23.Rf1+ Ke7 24.Bxe5 Rh7 25.Bf6+ Kd7 26.Qf5+ Kc6 27.Qxh7 
Qa7+ 28.Qxa7 1-0

[Event "III Open Magistrale"]
[Site "Castellaneta ITA"]
[Date "1999.08.30"]
[Round "4"]
[White "Lagumina, Giulio"]
[Black "Sermek, Drazen"]
[Result "0-1"]
[WhiteElo "2281"]
[BlackElo "2545"]
[PlyCount "81"]
[EventDate "1999.08.29"]

1.d4 Nf6 2.c4 c5 3.d5 b5 4.cxb5 a6 5.bxa6 g6 6.Nc3 Bxa6 7.e4 Bxf1 8.Kxf1 
d6 9.g3 Bg7 10.Kg2 Nbd7 11.Nge2 O-O 12.Qc2 Qa5 13.Rb1 Qa6 14.b3 Rfc8 15.a4
Ne8 16.Bg5 Nc7 17.Qd2 Rab8 18.h4 Bxc3 19.Nxc3 f6 20.Bf4 Rb4 21.h5 g5 22.
Be3 Rcb8 23.f4 Rxb3 24.Rxb3 Rxb3 25.fxg5 Qc4 26.Rc1 Ne5 27.gxf6 exf6 28.
Bf4 Nd3 29.Bxd6 Rb2 30.Qxb2 Nxb2 31.Bxc7 Kf7 32.Kh3 Nd3 33.Rc2 Qb3 34.d6 
Ke6 35.Ra2 Qxc3 36.a5 Qc4 37.Ra1 Qd4 38.Ra2 Qg1 39.Kg4 Qd1+ 40.Kh3 Qh1+ 
41.Kg4 0-1

[Event "III Open Magistrale"]
[Site "Castellaneta ITA"]
[Date "1999.08.30"]
[Round "4"]
[White "Mrdja, Milan"]
[Black "Lazarev, Vladimir"]
[Result "1/2-1/2"]
[WhiteElo "2425"]
[BlackElo "2501"]
[PlyCount "40"]
[EventDate "1999.08.29"]

1.e4 c5 2.Nf3 Nc6 3.d4 cxd4 4.Nxd4 Qc7 5.Nb5 Qb8 6.c4 Nf6 7.N5c3 e6 8.Be2 
Bd6 9.h3 b6 10.O-O Bh2+ 11.Kh1 Bf4 12.Nd2 Bb7 13.Re1 O-O 14.Nf3 Rd8 15.Bf1
Bxc1 16.Qxc1 h6 17.b3 d6 18.Qb2 a6 19.Rad1 Qc7 20.Qd2 Rab8 1/2-1/2

[Event "III Open Magistrale"]
[Site "Castellaneta ITA"]
[Date "1999.08.30"]
[Round "4"]
[White "Pizzuto, Samuele Tullio"]
[Black "Martorelli, Antonio"]
[Result "1-0"]
[WhiteElo "2133"]
[BlackElo "2322"]
[PlyCount "45"]
[EventDate "1999.08.29"]

1.e4 c5 2.Nc3 e6 3.f4 Ne7 4.Nf3 Nec6 5.Bc4 a6 6.a4 Nb4 7.d3 d5 8.Bb3 N8c6 
9.f5 Na5 10.fxe6 Nxb3 11.exf7+ Kxf7 12.cxb3 dxe4 13.Ne5+ Kg8 14.Nxe4 Qd4 
15.Bf4 Bf5 16.Qe2 Nxd3+ 17.Qxd3 Qxd3 18.Nxd3 Bxe4 19.O-O-O Bxg2 20.Rhg1 
Bd5 21.Ne5 Bxb3 22.Rd7 b5 23.Ng4 1-0

[Event "III Open Magistrale"]
[Site "Castellaneta ITA"]
[Date "1999.08.30"]
[Round "4"]
[White "Sabia, Corrado"]
[Black "De Vita, Igor"]
[Result "1/2-1/2"]
[WhiteElo "2198"]
[BlackElo "2154"]
[PlyCount "56"]
[EventDate "1999.08.29"]

1.e4 Nf6 2.e5 Nd5 3.c4 Nb6 4.c5 Nd5 5.Bc4 e6 6.Nc3 Nxc3 7.dxc3 Nc6 8.Bf4 
Qh4 9.g3 Qe7 10.Nf3 Qxc5 11.Qe2 h6 12.h4 b6 13.O-O-O Bb7 14.Kb1 O-O-O 15.
Ba6 Qa5 16.Bxb7+ Kxb7 17.Qe4 d5 18.exd6 Bxd6 19.b4 Qf5 20.Qxf5 exf5 21.
Bxd6 Rxd6 22.Rxd6 cxd6 23.Re1 Rc8 24.h5 Ne5 25.Nxe5 dxe5 26.Rxe5 Rxc3 27.
Rxf5 Rc7 28.Rf3 f6 1/2-1/2

[Event "III Open Magistrale"]
[Site "Castellaneta ITA"]
[Date "1999.08.30"]
[Round "4"]
[White "Safranska, Anda"]
[Black "Viaggi, Giovanni"]
[Result "1-0"]
[WhiteElo "2267"]
[BlackElo "2145"]
[PlyCount "137"]
[EventDate "1999.08.29"]

1.e4 e5 2.Nf3 Nc6 3.Bb5 a6 4.Ba4 Nf6 5.d3 b5 6.Bb3 Be7 7.O-O O-O 8.c3 d6 
9.Re1 Na5 10.Bc2 c5 11.Nbd2 Qc7 12.Nf1 Nc6 13.a4 Bb7 14.Ng3 d5 15.Nf5 dxe4
16.Nxe7+ Nxe7 17.dxe4 Ng6 18.Qe2 Qc6 19.b3 h6 20.h4 Rfe8 21.g3 Rad8 22.
axb5 axb5 23.Nd2 Bc8 24.Nf1 Bg4 25.f3 Be6 26.Ne3 Nh5 27.Qf2 c4 28.b4 Rd7 
29.Rd1 Red8 30.Rxd7 Rxd7 31.Kh2 Rd8 32.Bd2 Ra8 33.Rxa8+ Qxa8 34.Be1 Qd8 
35.Ng2 Ne7 36.Qc5 Qe8 37.Qxe5 Nf6 38.Nf4 Qc6 39.Qd4 Nd7 40.Bd1 Qa6 41.Kg2 
Nc6 42.Qd2 Nce5 43.Bf2 f6 44.Be2 g5 45.hxg5 hxg5 46.Nd5 Kf7 47.f4 gxf4 48.
gxf4 Ng4 49.f5 Nxf2 50.fxe6+ Qxe6 51.Kxf2 Qxe4 52.Nf4 Ne5 53.Qd5+ Qxd5 54.
Nxd5 Nc6 55.Bg4 Ke8 56.Nxf6+ Ke7 57.Ne4 Ne5 58.Be2 Ke6 59.Ke3 Kd5 60.Nf6+ 
Ke6 61.Ng4 Nc6 62.Bf3 Ne7 63.Be4 Kd6 64.Kd4 Nc8 65.Ne3 Nb6 66.Nc2 Na4 67.
Na3 Nb2 68.Nxb5+ Kd7 69.Na3 1-0

[Event "III Open Magistrale"]
[Site "Castellaneta ITA"]
[Date "1999.08.30"]
[Round "4"]
[White "Sansonetti, Giorgio"]
[Black "Gueci, Riccardo"]
[Result "0-1"]
[WhiteElo "2194"]
[BlackElo "2151"]
[PlyCount "68"]
[EventDate "1999.08.29"]

1.f4 c5 2.Nf3 Nc6 3.e3 g6 4.d4 cxd4 5.exd4 Bg7 6.c3 d6 7.d5 Nb8 8.Be3 Nf6 
9.Bc4 O-O 10.O-O Nbd7 11.a4 Nc5 12.Nbd2 Ng4 13.Qe2 Nxe3 14.Qxe3 Bd7 15.a5 
b5 16.Be2 Na4 17.Nd4 a6 18.b3 Nc5 19.f5 Rc8 20.fxg6 hxg6 21.Kh1 e6 22.dxe6
Nxe6 23.N2f3 Nc5 24.Qf4 Qf6 25.Qc1 Qe7 26.Qb2 Qe3 27.Rae1 Nd3 28.Bxd3 Qxd3
29.Rc1 Bg4 30.Rfd1 Qe3 31.Re1 Qf4 32.Rf1 b4 33.cxb4 Bxf3 34.Rxc8 Rxc8 0-1

[Event "III Open Magistrale"]
[Site "Castellaneta ITA"]
[Date "1999.08.30"]
[Round "4"]
[White "Scalcione, Michelangelo"]
[Black "Calabro', Marco"]
[Result "1/2-1/2"]
[WhiteElo "2177"]
[BlackElo "1903"]
[PlyCount "88"]
[EventDate "1999.08.29"]

1.Nf3 Nf6 2.c4 c6 3.d4 d5 4.Nc3 e6 5.Qb3 Nbd7 6.Bg5 h6 7.Bh4 Be7 8.e3 O-O 
9.Bd3 a5 10.Rg1 a4 11.Qc2 dxc4 12.Bxc4 b5 13.Bd3 a3 14.b3 Qa5 15.Kf1 Bb7 
16.Ne5 Rfd8 17.Ne4 Nxe5 18.dxe5 Nxe4 19.Bxe7 Rd7 20.Bxe4 Rxe7 21.Rd1 b4 
22.f4 Qb6 23.Kf2 c5 24.Rd6 Qc7 25.Rgd1 Bxe4 26.Qxe4 Rc8 27.Qc4 g6 28.h4 h5
29.Kf3 Kg7 30.e4 Qb7 31.Kf2 Rcc7 32.R1d3 Re8 33.Rg3 Rec8 34.f5 exf5 35.
exf5 Rc6 36.fxg6 Rxd6 37.exd6 fxg6 38.Qd3 Qf7+ 39.Kg1 Rd8 40.Rg5 Qf6 41.
Rd5 Qxh4 42.Rxc5 Qe1+ 43.Kh2 Qh4+ 44.Kg1 Qe1+ 1/2-1/2

[Event "III Open Magistrale"]
[Site "Castellaneta ITA"]
[Date "1999.08.31"]
[Round "5"]
[White "Calabro', Marco"]
[Black "Sabia, Corrado"]
[Result "0-1"]
[WhiteElo "1903"]
[BlackElo "2198"]
[PlyCount "94"]
[EventDate "1999.08.29"]

1.e4 c5 2.Nc3 e6 3.Nge2 Nc6 4.d4 cxd4 5.Nxd4 d6 6.Be2 Nf6 7.O-O a6 8.Be3 
Be7 9.f4 O-O 10.Qe1 Qc7 11.Kh1 Nxd4 12.Bxd4 b5 13.a3 Bb7 14.Bf3 Rad8 15.
Rd1 e5 16.Be3 Qc4 17.Bc1 Rfe8 18.Qe3 Bf8 19.Rfe1 b4 20.axb4 Qxb4 21.Qd3 
Rc8 22.g4 exf4 23.g5 Nd7 24.Nd5 Bxd5 25.Qxd5 Ne5 26.c3 Qb6 27.Bg2 Ng4 28.
Rd4 Re5 29.Qa2 Rxg5 30.Bxf4 Nf2+ 31.Kg1 Nh3+ 32.Kh1 Nxf4 33.Rf1 Ne6 34.Rd2
Be7 35.Rdf2 Bf6 36.Qa4 Qb5 37.Qd1 Rd8 38.Qd2 Rh5 39.Bf3 Rh6 40.Rg1 Rg6 41.
Rgf1 Qg5 42.Qd1 Nf4 43.e5 Bxe5 44.Bd5 Rf8 45.Qb3 Rh6 46.Qc4 Qg3 47.Qe4 
Nxd5 0-1

[Event "III Open Magistrale"]
[Site "Castellaneta ITA"]
[Date "1999.08.31"]
[Round "5"]
[White "Chatalbashev, Boris"]
[Black "Badea, Bela"]
[Result "1/2-1/2"]
[WhiteElo "2524"]
[BlackElo "2479"]
[PlyCount "33"]
[EventDate "1999.08.29"]

1.g3 g6 2.Bg2 Bg7 3.d4 d6 4.e4 Nd7 5.Ne2 e5 6.Nbc3 Ne7 7.h4 Nf6 8.dxe5 
dxe5 9.Qxd8+ Kxd8 10.Bg5 c6 11.O-O-O+ Ke8 12.Rd6 Be6 13.Rhd1 Nd7 14.h5 Nc8
15.R6d2 Ncb6 16.b3 Bf8 17.f4 1/2-1/2

[Event "III Open Magistrale"]
[Site "Castellaneta ITA"]
[Date "1999.08.31"]
[Round "5"]
[White "Cioara, Andrei Nestor"]
[Black "Miezis, Normunds"]
[Result "1/2-1/2"]
[WhiteElo "2423"]
[BlackElo "2524"]
[PlyCount "84"]
[EventDate "1999.08.29"]

1.e4 c5 2.Nf3 e6 3.d4 cxd4 4.Nxd4 a6 5.Bd3 Nc6 6.Nxc6 dxc6 7.Nd2 e5 8.Nc4 
Nf6 9.O-O Qc7 10.Be3 Be6 11.Bb6 Qb8 12.a4 Nd7 13.Be3 b5 14.axb5 cxb5 15.
Na5 Bc5 16.Qe2 O-O 17.c4 b4 18.Nb3 Bxe3 19.Qxe3 Rc8 20.Rfc1 Qc7 21.Ra5 Qd8
22.Be2 Rc6 23.Qd2 Qc7 24.Ra4 a5 25.Rca1 Rca6 26.h3 h6 27.Bg4 Bxg4 28.hxg4 
Nb6 29.Rxa5 Nxc4 30.Rxa6 Rxa6 31.Qxb4 Rb6 32.Qc3 Rc6 33.Rd1 Kh7 34.Nd2 Qd7
35.b3 Nxd2 36.Rxd2 Qe6 37.Qf3 Qe7 38.g3 g6 39.Kg2 Kg7 40.Qd3 Qb4 41.Rc2 
Rb6 42.Rc3 Rd6 1/2-1/2

[Event "III Open Magistrale"]
[Site "Castellaneta ITA"]
[Date "1999.08.31"]
[Round "5"]
[White "Coratella, Giuseppe"]
[Black "Ceglio, Fulvio"]
[Result "1/2-1/2"]
[WhiteElo "2098"]
[BlackElo "2060"]
[PlyCount "45"]
[EventDate "1999.08.29"]

1.e4 e6 2.d4 d5 3.e5 c5 4.c3 Qb6 5.Nf3 Bd7 6.Qb3 Nc6 7.Be2 Qxb3 8.axb3 
cxd4 9.cxd4 Nge7 10.Nc3 a6 11.Be3 Nf5 12.Kd2 Bb4 13.Rhc1 O-O 14.Bd3 Nxe3 
15.Kxe3 Na5 16.Nd2 Rac8 17.Rc2 f6 18.f4 fxe5 19.fxe5 Rf7 20.Rf1 Rxf1 21.
Bxf1 Be8 22.Bd3 h6 23.Ncb1 1/2-1/2